| 000 | 00704nam a2200253Ia 4500 | ||
|---|---|---|---|
| 001 | Para_4579 | ||
| 003 | CHAP | ||
| 008 | 220125s1959 xx 000 0 und d | ||
| 010 | _a203060 | ||
| 040 | _cCHAP | ||
| 090 | _aPA FOLLETO 1917 | ||
| 245 |
_aHorse bots : _b how to control them / _c Entomology Research Division |
||
| 260 |
_aWashington : _b Department of Agriculture |
||
| 300 | _a8 p. | ||
| 440 |
_aEUA. Dept. Agri. Leaflet; 450 _9168647 |
||
| 650 |
_aGanado caballar _x ParĂ¡sitos _944981 |
||
| 901 | _aPA FOLLETO 1917 | ||
| 902 | _aA | ||
| 905 | _a0000001959 WAS 0000000000 00 | ||
| 910 | _a1959 | ||
| 942 | _cPARA | ||
| 942 |
_cPARA _d1 |
||
| 999 |
_c203060 _d203060 |
||